ANSYS. Engineering Analysis System. Verification Manual /
Salvato in:
| Autore principale: | |
|---|---|
| Altri autori: | |
| Natura: | Libro |
| Lingua: | inglese |
| Pubblicazione: |
Houston :
Swanson Analysis Systems,
1990
|
| Tags: |
Nessun Tag, puoi essere il primo ad aggiungerne!!
|
MARC
| LEADER | 00000nam a22000003a 4500 | ||
|---|---|---|---|
| 001 | stu31149 | ||
| 005 | 20150617225735.7 | ||
| 008 | 930517s1990----xxu-----------------eng-d | ||
| 040 | |a STU |b slo | ||
| 041 | 0 | |a eng | |
| 044 | |a xxu | ||
| 080 | |a 681.3.066 | ||
| 100 | 1 | |a Imgrund, Mark C |4 xxx | |
| 245 | 1 | |a ANSYS. Engineering Analysis System. Verification Manual / |c Imgrund,Mark C.; Ostergaard,Dale F | |
| 260 | |a Houston : |b Swanson Analysis Systems, |c 1990 | ||
| 300 | |a neuvedene | ||
| 700 | 1 | |a Ostergaard, Dale F |4 xxx | |
| 996 | |b J89636 |c J*89636 |l JJK10 |s P |a 0 |w stu31149_0001 | ||